| 000 -LEADER | |
|---|---|
| fixed length control field | 00970cam a2200265 i 4500 |
| 001 - CONTROL NUMBER | |
| control field | 19039352 |
| 003 - CONTROL NUMBER IDENTIFIER | |
| control field | OSt |
| 005 - DATE AND TIME OF LATEST TRANSACTION | |
| control field | 20250420134822.0 |
| 008 - FIXED-LENGTH DATA ELEMENTS--GENERAL INFORMATION | |
| fixed length control field | 160401s2016 ii b 001 0 eng |
| 010 ## - LIBRARY OF CONGRESS CONTROL NUMBER | |
| LC control number | 2016012701 |
| 020 ## - INTERNATIONAL STANDARD BOOK NUMBER | |
| International Standard Book Number | 9781316610046 (pbk.) |
| 040 ## - CATALOGING SOURCE | |
| Original cataloging agency | DLC |
| Language of cataloging | eng |
| Transcribing agency | KCST |
| Description conventions | rda |
| 042 ## - AUTHENTICATION CODE | |
| Authentication code | pcc |
| 050 00 - LIBRARY OF CONGRESS CALL NUMBER | |
| Classification number | TK5103.592.F52 |
| Item number | S56 2016 |
| 082 00 - DEWEY DECIMAL CLASSIFICATION NUMBER | |
| Classification number | 621.382 |
| Edition information | 23 |
| Item number | Si Op |
| 100 1# - MAIN ENTRY--PERSONAL NAME | |
| Personal name | Singal, Tarsem Lal, |
| Relator term | author. |
| 9 (RLIN) | 5372 |
| 245 10 - TITLE STATEMENT | |
| Title | Optical fiber communications : |
| Remainder of title | principles and applications / |
| Statement of responsibility, etc. | T.L. Singal. |
| 260 #1 - PUBLICATION, DISTRIBUTION, ETC. | |
| Place of publication, distribution, etc. | Delhi, India : |
| Name of publisher, distributor, etc. | Cambridge University Press is part of the University of Cambridge, |
| Date of publication, distribution, etc. | 2016. |
| 300 ## - PHYSICAL DESCRIPTION | |
| Extent | xix, 450 pages ; |
| Dimensions | 25 cm |
| 504 ## - BIBLIOGRAPHY, ETC. NOTE | |
| Bibliography, etc. note | Includes bibliographical references (pages 441-443) and index. |
| 520 ## - SUMMARY, ETC. | |
| Summary, etc. | "Discusses several dispersion-management schemes that restore amplified signal to its original state"-- |
| Assigning source | Provided by publisher. |
| 650 #0 - SUBJECT ADDED ENTRY--TOPICAL TERM | |
| Topical term or geographic name entry element | Optical fiber communication. |
| 9 (RLIN) | 1365 |
| 942 ## - ADDED ENTRY ELEMENTS (KOHA) | |
| Koha item type | Book |
| 942 ## - ADDED ENTRY ELEMENTS (KOHA) | |
| Source of classification or shelving scheme | Dewey Decimal Classification |
| Withdrawn status | Lost status | Source of classification or shelving scheme | Damaged status | Not for loan | Home library | Current library | Date acquired | Cost, normal purchase price | Total checkouts | Full call number | Barcode | Date last seen | Cost, replacement price | Price effective from | Koha item type |
|---|---|---|---|---|---|---|---|---|---|---|---|---|---|---|---|
| Dewey Decimal Classification | KCST Library | KCST Library | 09/11/2021 | 17.00 | 621.382 Si Op | 1000000999 | 09/11/2021 | 17.00 | 09/11/2021 | Book |